[Event "12th Lichtenberger Sommer"]
[Site "Berlin GER"]
[Date "2013.08.20"]
[Round "4.58"]
[White "Krueger,Ek"]
[Black "Jaeger,A"]
[Result "0-1"]
[WhiteElo "1806"]
[BlackElo "2005"]

1.e4 c5 2.Nf3 Nc6 3.Bb5 Nf6 4.Nc3 Qc7 5.O-O Nd4 6.Re1 a6 7.Bf1 Ng4 8.g3 Nxf3+
9.Qxf3 Ne5 10.Qd1 d6 11.Bg2 Bg4 12.f3 Bd7 13.Nd5 Qd8 14.c3 Nd3 15.Re3 c4
16.Bf1 Nxc1 17.Qxc1 e6 18.Nf4 Rc8 19.d4 h5 20.Qe1 g5 21.Ng2 e5 22.Rd1 h4
23.Re2 hxg3 24.hxg3 Qf6 25.Kf2 Rh2 26.Qd2 Rd8 27.Qe3 Bh6 28.Ke1 Rh1 29.g4 Rh3
30.dxe5 dxe5 31.Rf2 Bxg4 32.Rxd8+ Qxd8 33.Qc5 Be6 34.Qxe5 g4 35.f4 Rh1 36.Rd2 Rxf1+
37.Kxf1 Qxd2 38.f5 Qd1+ 39.Ne1 Bd2 40.Qh8+ Ke7 41.Qh4+ f6 42.fxe6 Qxe1+ 43.Qxe1 Bxe1
44.Kxe1 Kxe6 45.Ke2 Ke5  0-1

[Event "Brasschaat Open 2013"]
[Site "Brasschaat BEL"]
[Date "2013.08.20"]
[Round "4.9"]
[White "Peleman,T"]
[Black "Leenaerts,R"]
[Result "0-1"]
[WhiteElo "2001"]
[BlackElo "2265"]

1.e4 c5 2.Nf3 Nc6 3.Bb5 d6 4.O-O Bd7 5.Re1 a6 6.Bf1 Bg4 7.d3 Nf6 8.Nbd2 e6
9.h3 Bxf3 10.Nxf3 Be7 11.c3 d5 12.Qc2 O-O 13.Bf4 d4 14.c4 Nh5 15.Bh2 g6 16.e5 Qd7
17.Nd2 f5 18.exf6 Nxf6 19.Ne4 Nxe4 20.Rxe4 Bd6 21.Rae1 Bxh2+ 22.Kxh2 Rf6
23.Qd2 Raf8 24.R1e2 Qf7 25.Kg1 Kh8 26.a3 e5 27.g3 Qg7 28.Bg2 Rf5 29.Rg4 Qc7
30.Be4 R5f6 31.Rg5 Ne7 32.Bg2 Nf5 33.Rg4 Re6 34.Qe1 Rfe8 35.Bd5 R6e7 36.Rge4 Qd6
37.Qc1 Qf6 38.b4 cxb4 39.axb4 Nd6 40.Rg4 Kg7 41.h4 Qf5 42.Rg5 Qxd3 43.Re1 Qb3
44.h5 Qxb4 45.h6+ Kh8 46.Rexe5 Rxe5 47.Rxe5 Rxe5 48.Qf4 Qb1+ 49.Kg2 Qf5 50.Qxd4 Qf6  0-1

[Event "21st Troya Open 2013"]
[Site "Canakkale TUR"]
[Date "2013.08.20"]
[Round "5.5"]
[White "Duman,A"]
[Black "Yuksel,A"]
[Result "1-0"]
[WhiteElo "2271"]
[BlackElo "2046"]

1.e4 c5 2.Nf3 Nc6 3.Bb5 g6 4.O-O Bg7 5.c3 Nf6 6.Qa4 O-O 7.d4 cxd4 8.cxd4 Nxe4
9.d5 Nc5 10.Qa3 Qb6 11.Nc3 Nd4 12.Nxd4 Bxd4 13.Bh6 d6 14.Rae1 Bf6 15.Bxf8 Kxf8
16.b4 Na6 17.Bxa6 bxa6 18.Ne4 Be5 19.Qf3 h6 20.Nc5 Bf6 21.Ne4 Be5 22.Nc5 Bf6
23.Ne4 Bg7 24.Rc1 Qxb4 25.Rc7 Bf5 26.Ng3 Rc8 27.Rxc8+ Bxc8 28.Rc1 Bb7 29.Qd3 Qd4
30.Qb3 Qf4 31.Ne2  1-0

[Event "6th Jessie Gilbert Open 2013"]
[Site "Coulsdon ENG"]
[Date "2013.08.20"]
[Round "4"]
[White "Way,Julian M"]
[Black "Hodgson,Jo"]
[Result "1-0"]
[WhiteElo "1986"]
[BlackElo "2183"]

1.e4 c5 2.Nf3 Nc6 3.Bb5 d6 4.d4 cxd4 5.Qxd4 Bd7 6.Bxc6 Bxc6 7.Nc3 Nf6 8.Bg5 e6
9.O-O-O Be7 10.Kb1 O-O 11.Rhe1 Qc7 12.Qd2 Rfd8 13.Nd4 Rab8 14.f3 b5 15.g4 b4
16.Nce2 Ba8 17.Ng3 a5 18.Nh5 Ne8 19.h4 Rdc8 20.Bxe7 Qxe7 21.g5 Rc4 22.Ng3 Rbc8
23.Nf1 R4c5 24.Ne3 Rb8 25.Rg1 a4 26.Ng4 a3 27.Nb3 Rc7 28.Qd4 e5 29.Qd2 axb2
30.Ne3 Qe6 31.Kxb2 Qc8 32.Qe2 Rb6 33.Rd2 Ra6 34.Kb1 Rca7 35.Qc4 Qb8 36.Nf5 g6
37.Nh6+ Kg7 38.f4 Rc6 39.Qe2 exf4 40.h5 Rc3 41.hxg6  1-0

[Event "12th Lichtenberger Sommer"]
[Site "Berlin GER"]
[Date "2013.08.21"]
[Round "5.43"]
[White "Hoeckendorf,H"]
[Black "Schubert,Joachim"]
[Result "1-0"]
[WhiteElo "2194"]
[BlackElo "1814"]

1.e4 c5 2.Nf3 Nc6 3.Bb5 g6 4.O-O Bg7 5.c3 e6 6.Re1 Nge7 7.a4 O-O 8.Na3 a6
9.Bf1 Qc7 10.g3 d5 11.Bg2 Rd8 12.exd5 exd5 13.d3 Bd7 14.Bf4 Qc8 15.Bd6 Re8
16.Bxc5 Nf5 17.Rxe8+ Bxe8 18.d4 Qd8 19.Nb1 Qf6 20.Nbd2 Bd7 21.Qb3 Nd8 22.Qxd5 Bc6
23.Qe5 Ne6 24.Qxf6 Bxf6 25.Nb3 Rb8 26.Nfd2 Be8 27.Ne4 Bg7 28.a5 Nxc5 29.Nbxc5 Bb5
30.Bf1 Bc6 31.Bc4 Rd8 32.Re1 h6 33.Nd3 Bxe4 34.Rxe4 Nd6 35.Bd5 Nxe4 36.Bxe4 Bxd4
37.cxd4 Rxd4 38.Nc5 Rc4 39.b4 Rxb4 40.Bf3 Rb5 41.Nxb7 Kf8 42.Kf1 Ke7 43.Bc6 Rb2
44.Bf3 f5 45.h4 Kf6 46.Nc5 Rb5 47.Nxa6 Rxa5 48.Nb4 Re5 49.Nd5+ Kg7 50.Bg2 Re8
51.Ne3 Kf6 52.Bh3 Ke5 53.h5 gxh5 54.Nxf5 Rh8 55.Ng7 h4 56.gxh4 Kf4 57.Ne6+ Kf3
58.Nd4+ Ke4 59.Ne2 Kf3 60.Ng1+ Kf4 61.Bd7 Rd8 62.Bh3 Rd1+ 63.Kg2 Rd2 64.Bc8 Rd8
65.Ne2+ Ke5 66.Bg4 Ke4 67.h5 Rd2 68.Ng3+ Kf4 69.Bf5 Ra2 70.Bg6 Rb2 71.Nf5 Kg5
72.Nd6 Kf6 73.Kg3 Ra2 74.f4 Ra1 75.Ne4+ Ke7 76.f5 Kf8 77.Kf4 Ra5 78.f6 Rd5
79.Ng3 Ra5 80.Nf5 Ra3 81.Nd4 Ra6 82.Ke5  1-0

[Event "3rd Isthmia Open"]
[Site "Vrachati GRE"]
[Date "2013.08.21"]
[Round "5.3"]
[White "Fedorchuk,S"]
[Black "Kotronias,V"]
[Result "1-0"]
[WhiteElo "2669"]
[BlackElo "2578"]

1.e4 c5 2.Nf3 Nc6 3.Bb5 d6 4.O-O Bd7 5.Re1 Nf6 6.c3 a6 7.Bf1 Bg4 8.h3 Bxf3
9.Qxf3 g6 10.Na3 Bg7 11.Qd1 O-O 12.Nc2 e5 13.d3 d5 14.Bg5 d4 15.cxd4 Nxd4
16.Nxd4 Qxd4 17.Qb3 Qd6 18.Bd2 Rfc8 19.Rac1 b5 20.Be3 Rc6 21.Rc2 Bf8 22.Rec1 Qc7
23.Qc3 Rc8 24.Qe1 Qd7 25.a3 Nh5 26.g3 Ng7 27.Qc3 Bd6 28.h4 h5 29.Qb3 Qe6
30.Qxe6 Nxe6 31.Bh3 R6c7 32.Kf1 Kf8 33.Bxe6 fxe6 34.Ke2 Ke8 35.b3 Kd7 36.a4 bxa4
37.bxa4 Rb7 38.g4 hxg4 39.Rg1 Ke7 40.Rxg4 Kf7 41.Rc1 Be7 42.Rcg1 c4 43.Rxg6 cxd3+
44.Kxd3 Bf6 45.h5 Rb3+ 46.Ke2 Rh8 47.h6 Rb2+ 48.Kd3 Rc8 49.h7 Rh8 50.Rh6 Ra2
51.Bc5 Bg7 52.Rh3 Bf6 53.Rb1 Rd8+ 54.Ke3 Rc2 55.Rb7+ Kg6 56.Rg3+ Kh6 57.Rg8  1-0

[Event "12th Lichtenberger Sommer"]
[Site "Berlin GER"]
[Date "2013.08.22"]
[Round "6.43"]
[White "Schabe,Felix"]
[Black "Sabrowski,U"]
[Result "1-0"]
[WhiteElo "1746"]
[BlackElo "2114"]

1.e4 c5 2.Nf3 Nc6 3.Bb5 e6 4.Bxc6 bxc6 5.c4 d6 6.d3 e5 7.h3 Be7 8.Nc3 Bd7
9.Be3 Rb8 10.Rb1 Rb7 11.O-O g5 12.Nh2 h5 13.Ne2 g4 14.hxg4 hxg4 15.Ng3 Bf8
16.Re1 Qh4 17.Nhf1 Ne7 18.Qd2 Bh6 19.b4 Bxe3 20.Nxe3 Ng6 21.bxc5 Nf4 22.Nef1 Rxb1
23.Rxb1 dxc5 24.Rb8+ Ke7 25.Rb7 Kd6 26.Rxa7 Rb8 27.Qa5 Rc8 28.Ne3 Qg5 29.Qb6 Nxd3
30.Qb7  1-0

[Event "12th Lichtenberger Sommer"]
[Site "Berlin GER"]
[Date "2013.08.22"]
[Round "6.46"]
[White "Bernasconi,R"]
[Black "Schraepel,Manfred"]
[Result "1/2-1/2"]
[WhiteElo "1931"]
[BlackElo "1903"]

1.e4 c5 2.Nf3 Nc6 3.Bb5 Na5 4.c3 a6 5.Bd3 d6 6.h3 Nf6 7.Bc2 e5 8.d4 Qc7 9.O-O Be7
10.b3 b5 11.Be3 O-O 12.Nbd2 Bd7 13.Rc1 Rad8 14.Qe2 Nb7 15.Rfd1 Rc8 16.Nf1 Rfe8
17.Ng3 Bd8 18.Bb1 c4 19.b4 a5 20.a3 axb4 21.axb4 Ra8 22.dxe5 dxe5 23.Ne1 Bc6
24.Bg5 Re6 25.Nf3 Nd6 26.Nd2 Qb7 27.Kh2 Nde8 28.f3 Bb6 29.Ndf1 Qc7 30.Rc2 h6
31.Bc1 Rd8  1/2-1/2

[Event "28th Schwarzacher Open"]
[Site "Schwarzach AUT"]
[Date "2013.08.22"]
[Round "7.7"]
[White "Grimberg,B"]
[Black "Fedorovsky,M"]
[Result "1/2-1/2"]
[WhiteElo "2369"]
[BlackElo "2392"]

1.e4 c5 2.Nf3 Nc6 3.Bb5 g6 4.Bxc6 dxc6 5.d3 Bg7 6.h3 Nh6 7.Nc3 b6 8.Be3 f6
9.Qd2 Nf7 10.O-O-O e5 11.g4 Be6 12.Kb1 Qc7 13.Nh4 O-O-O 14.f4 exf4 15.Bxf4 Ne5
16.Qe3 Rhe8 17.Nf3 Qe7 18.Rhf1 Nxf3 19.Rxf3 Bg8 20.Bg3 Kb7 21.Bh4 Qe6 22.Rdf1  1/2-1/2

[Event "e2e4 Coventry Open"]
[Site "Coventry ENG"]
[Date "2013.08.23"]
[Round "1"]
[White "Fernandez,Michael"]
[Black "Gostelow,David W"]
[Result "1-0"]
[WhiteElo "1909"]
[BlackElo "2071"]

1.e4 c5 2.Nf3 Nc6 3.Bb5 g6 4.Bxc6 dxc6 5.O-O Bg7 6.d3 Nf6 7.Nc3 b6 8.Bf4 O-O
9.Qd2 Re8 10.a4 a5 11.Rad1 Bg4 12.Qe2 e5 13.Be3 Qd7 14.h3 Bxf3 15.Qxf3 h6
16.Bxh6 Bxh6 17.Qxf6 Re6 18.Qf3 Qd4 19.Qe2 Kg7 20.g3 Rh8 21.Kg2 Bg5 22.Qe1 Rh5
23.b3 Re8 24.Ne2 Qd7 25.Rh1 Reh8 26.Ng1 Qe6 27.Qe2 Qd7 28.Nf3 Bf6 29.g4 R5h7
30.Qe3 Qc7 31.c3 Re8 32.Kg3 Rhh8 33.h4 Re6 34.Rh2 Be7 35.Rdh1 Qd8 36.h5 g5
37.Rd1 Bf6 38.Rhh1 Rd6 39.Rd2 Rh6 40.Kg2 Qd7 41.Nh2 Kh7 42.Kf3 Qe6 43.Rb1 Be7
44.Ke2 Bf6 45.f3 Kg7 46.Nf1 Rh8 47.Ng3 Rd7 48.Nf5+ Kh7 49.Qg1 Rhd8 50.Ne3 Rb8
51.Qd1 Be7 52.Qc2 Ra8 53.Nf5 Bf6 54.Kf2 Rad8 55.Rbd1 Qe8 56.Ne3 Qe6 57.Nc4 Rb8
58.d4 cxd4 59.cxd4 Kh6 60.dxe5 Rxd2+ 61.Qxd2 Bxe5 62.Nxe5 Qxe5 63.Qd6+ Qxd6
64.Rxd6+ Kg7 65.Rxc6 b5 66.Rc5 bxa4 67.bxa4  1-0

[Event "e2e4 Coventry Open"]
[Site "Coventry ENG"]
[Date "2013.08.24"]
[Round "3"]
[White "Lentzos,Ioanis"]
[Black "Gostelow,David W"]
[Result "1/2-1/2"]
[WhiteElo "1775"]
[BlackElo "2071"]

1.e4 c5 2.Nf3 Nc6 3.Bb5 g6 4.Bxc6 dxc6 5.d3 Bg7 6.h3 Nf6 7.Nc3 O-O 8.Be3 b6
9.Qd2 Re8 10.O-O e5 11.a3 Qc7 12.b4 cxb4 13.axb4 Nh5 14.b5 Bd7 15.Rfb1 Rec8
16.Ra2 f5 17.Bh6 Be6 18.Rab2 Bf6 19.Ra1 Rd8 20.Ng5 Nf4 21.Nxe6 Nxe6 22.Rba2 Nc5
23.exf5 gxf5 24.Bg5 Rf8 25.Bxf6 Rxf6 26.Qg5+ Rg6 27.Qxf5 Qg7 28.g3 cxb5 29.Qf3 e4
30.Nxe4 Rf8 31.Qg2 Na4 32.c4 a6 33.cxb5 axb5 34.Rb1 Qd7 35.Ra3 h5 36.Rab3 h4
37.g4 Rf4 38.Qf1 Rfxg4+ 39.hxg4 Qxg4+ 40.Ng3 hxg3 41.f4 g2 42.Qd1 Qh3 43.Qe1 Kg7
44.Qe7+ Kg8  1/2-1/2

[Event "TCh-SRB 1st League w 2013"]
[Site "Kragujevac SRB"]
[Date "2013.08.25"]
[Round "2.4"]
[White "Babic,Marijana"]
[Black "Maksimovic,S"]
[Result "0-1"]
[WhiteElo "2138"]
[BlackElo "2182"]

1.e4 c5 2.Nf3 Nc6 3.Bb5 g6 4.Bxc6 dxc6 5.d3 Bg7 6.Nc3 Nf6 7.a4 Bg4 8.Be3 Nd7
9.Qd2 Bxf3 10.gxf3 O-O 11.f4 Qa5 12.O-O f5 13.f3 Rad8 14.Ne2 Qc7 15.c3 e5
16.Qc2 Bh6 17.Qc1 exf4 18.Bxf4 Bxf4 19.Nxf4 Qd6 20.Qe3 Ne5 21.d4 cxd4 22.cxd4 Nc4
23.Qc3 Qxf4 24.Qxc4+ Kg7 25.Rae1 fxe4 26.fxe4 Qg4+ 27.Kh1 Rxf1+ 28.Qxf1 Rxd4
29.e5 Rf4 30.Qd3 Rf2 31.Rg1 Qf3+ 32.Qxf3 Rxf3 33.Rd1 Rb3 34.Rd2 Kf7 35.Rd7+ Ke6
36.Rxh7 Rxb2 37.Rg7 Kxe5 38.Rxg6 c5 39.Rg7 c4 40.Rc7 Kd4 41.h4 c3 42.h5 c2
43.h6 Rb1+  0-1

[Event "18th Vienna Open 2013"]
[Site "Vienna AUT"]
[Date "2013.08.25"]
[Round "9.17"]
[White "Mork,K"]
[Black "Shengelia,D"]
[Result "0-1"]
[WhiteElo "2289"]
[BlackElo "2565"]

1.e4 c5 2.Nf3 Nc6 3.Bb5 g6 4.O-O Bg7 5.Re1 e5 6.b4 Nxb4 7.Bb2 Qb6 8.Na3 a6
9.Bf1 d6 10.c3 Nc6 11.d4 Na5 12.Rb1 Qc7 13.dxe5 dxe5 14.Bc4 Ne7 15.Bd5 O-O
16.c4 Nac6 17.Nc2 Rb8 18.Ne3 Nd4 19.Bc1 h6 20.h3 Kh7 21.Ng4 Nxd5 22.cxd5 b5
23.Nxd4 cxd4 24.Ba3 Re8 25.Rc1 Qd8 26.f3 b4 27.Bb2 Qa5 28.Rc6 Qxa2 29.Re2 Bxg4
30.fxg4 b3 31.Rf2 Re7 32.Qf1 a5 33.Rxf7 Rxf7 34.Qxf7 Qb1+ 35.Bc1 b2 36.Qxg6+ Kh8  0-1

[Event "11th Kesan Open"]
[Site "Edirne TUR"]
[Date "2013.08.26"]
[Round "1.10"]
[White "Duman,A"]
[Black "Tarlabasi,Emirhan"]
[Result "1-0"]
[WhiteElo "2271"]
[BlackElo "1790"]

1.e4 c5 2.Nf3 Nc6 3.Bb5 g6 4.O-O Bg7 5.c3 e6 6.d4 cxd4 7.cxd4 a6 8.Bxc6 dxc6
9.e5 Ne7 10.Nc3 O-O 11.Ne4 Nf5 12.Bg5 Qc7 13.Qd2 h6 14.Bf6 b6 15.Qf4 Bxf6
16.Nxf6+ Kg7 17.Rac1 Rd8 18.g4 Ne7 19.Rc3 Nd5 20.Nxd5 Rxd5 21.Qf6+ Kg8 22.Qf4 Kg7
23.Qf6+ Kg8 24.h4 Bb7 25.Qf4 Kg7 26.h5 Qe7 27.g5 hxg5 28.Nxg5 Rh8 29.hxg6 Rxd4
30.Qxf7+ Qxf7 31.gxf7 c5 32.f3 Bd5 33.Rc2 Bxa2 34.Rg2 Kf8 35.Rg4 Rh4 36.Rxh4 Rxh4
37.Kg2 Bd5 38.Kg3 Rh6 39.b4 c4 40.Ra1 Bb7 41.Kf4 b5 42.Ke3 Ke7 43.Kd4 Bc8
44.Kc5 Rh4 45.Rd1 Rh8 46.f4 Bd7 47.Kb6 Rc8 48.Nh7 Kxf7 49.Rxd7+ Kg6 50.Ng5 Kf5
51.Rf7+ Kg4 52.Nxe6 c3 53.Nd4 Rd8 54.Nb3 c2 55.e6 Kf3 56.Rd7 Re8 57.f5 Kf4
58.Rd5 Ke4 59.Rc5  1-0

[Event "TCh-SRB 1st League 2013"]
[Site "Kragujevac SRB"]
[Date "2013.08.26"]
[Round "3.2"]
[White "Marinovic,B"]
[Black "Abramovic,B"]
[Result "1/2-1/2"]
[WhiteElo "2391"]
[BlackElo "2429"]

1.e4 c5 2.Nf3 Nc6 3.Bb5 g6 4.Bxc6 dxc6 5.d3 Bg7 6.Nc3 b6 7.Be3 Nh6 8.Qc1 Ng4
9.Bd2 h5 10.h3 Nh6 11.a3 f6 12.b4 cxb4 13.axb4 Nf7 14.Ra4 e5 15.Qa3 a6 16.Qb3 O-O
17.Ra1 Re8 18.Na4 Be6 19.Qb2 f5 20.Be3 Rb8 21.Nc3 f4 22.Bd2 Ra8 23.Ne2 g5
24.Bc3 Qc7 25.Nd2 c5 26.bxc5 bxc5 27.Ra4 Bd7 28.Ra2 Bb5 29.h4 Rab8 30.Qa1 g4
31.Nxf4 exf4 32.Bxg7 c4 33.O-O cxd3 34.c4 Bc6 35.Rxa6 Re6 36.Bf6 Rbe8 37.Qd4 Rd6
38.Qa1 Bxe4 39.Re1 Rxa6 40.Qxa6 Qc6 41.Qxc6 Bxc6 42.Rxe8+ Bxe8 43.Kf1 Kh7
44.g3 Kg6 45.Be7 Kf5 46.Bb4 Ba4 47.Ke1 Nd8 48.Bd6 fxg3  1/2-1/2

[Event "ch-ESP Rapid 2013"]
[Site "Linares ESP"]
[Date "2013.08.26"]
[Round "3.12"]
[White "Castellanos Rodriguez,R"]
[Black "Alvarado Diaz,A"]
[Result "0-1"]
[WhiteElo "2510"]
[BlackElo "2313"]

1.e4 c5 2.Nf3 Nc6 3.Bb5 Qb6 4.Nc3 e6 5.O-O Nge7 6.Re1 a6 7.Bf1 Ng6 8.b3 Be7
9.Bb2 O-O 10.Ne2 e5 11.Nc3 d6 12.Nd5 Qd8 13.c3 Be6 14.Ne3 Bg5 15.d4 Bxe3
16.Rxe3 Bg4 17.dxc5 dxc5 18.h3 Be6 19.Rd3 Qe7 20.Bc1 Rfd8 21.Bg5 f6 22.Be3 c4
23.Rd2 cxb3  0-1

[Event "ch-ESP Rapid 2013"]
[Site "Linares ESP"]
[Date "2013.08.27"]
[Round "6.5"]
[White "Salgado Lopez,I"]
[Black "Escudero Manzano,A"]
[Result "1-0"]
[WhiteElo "2614"]
[BlackElo "2222"]

1.e4 c5 2.Nf3 Nc6 3.Bb5 Nf6 4.Bxc6 dxc6 5.d3 g6 6.h3 Qc7 7.O-O Bg7 8.Nc3 O-O
9.Be3 b6 10.Qd2 e5 11.Bh6 Nh5 12.Ne2 f5 13.Bxg7 Qxg7 14.Qc3 fxe4 15.dxe4 Nf4
16.Rfe1 Nxe2+ 17.Rxe2 Ba6 18.Rd2 Rae8 19.Rad1 Bc8 20.Qe3 Kh8 21.Rd6 Rf4 22.Rd8 Rff8
23.Rxe8 Rxe8 24.Rd6 Qe7 25.Rd2 Qf6 26.Qh6 Qg7 27.Qxg7+ Kxg7 28.Rd6 Re7 29.Kf1 Ba6+
30.Ke1 c4 31.c3 c5 32.Ke2 Bb7 33.Ke3 Ba8 34.a4 Bb7 35.Nd2 Ba6 36.a5 Rb7 37.Nf3 Kf7
38.axb6 axb6 39.Nxe5+ Ke7 40.Rd1 Rc7 41.f4 b5 42.Ra1 Bc8 43.g4 Be6 44.f5 gxf5
45.gxf5 Bf7 46.Kf4 b4 47.Nxf7 Kxf7 48.e5 Rb7 49.Ra5 Rc7 50.Ra6 Kg7 51.h4 Kf7
52.h5 Kg7 53.h6+ Kf7 54.Kg5 Ke7 55.f6+ Kf7 56.Kf5  1-0

[Event "21st Honor to National Resistance"]
[Site "Nikaia GRE"]
[Date "2013.08.27"]
[Round "2.9"]
[White "Rigopoulos Tsigkos,A"]
[Black "Papadopoulos,Geo4"]
[Result "0-1"]
[WhiteElo "2066"]
[BlackElo "1833"]

1.e4 c5 2.Nf3 Nc6 3.Bb5 d6 4.d4 cxd4 5.Qxd4 Bd7 6.Bxc6 Bxc6 7.Nc3 h6 8.Qd3 Nf6
9.Nd4 e6 10.f3 Be7 11.Be3 Qc7 12.O-O-O a6 13.g4 Nd7 14.h4 Ne5 15.Qe2 b5 16.f4 Nc4
17.f5 Bd7 18.g5 O-O-O 19.g6 b4 20.Nb1 e5 21.Nf3 f6 22.Nfd2 Nxe3 23.Qxe3 d5
24.exd5 Bxf5 25.Ne4 Qc4 26.Nbd2 Qxd5 27.Qf3 Be6 28.Nb3 Qb7 29.Qe3 Kb8 30.Nec5 Qa7
31.Rde1 Bxb3 32.Nxb3 Qxe3+ 33.Rxe3 Rd5 34.Rd1 Rhd8 35.Rxd5 Rxd5 36.Nd2 f5
37.c4 bxc3 38.Rxc3 Bxh4 39.Kc2 Be7 40.Nc4 e4 41.Ne3 Rb5 42.a4 Ra5 43.b4 Re5
44.Nc4 Re6 45.b5 Bb4 46.Rh3 a5 47.Rh5 e3 48.Nxe3 Rxe3 49.Rxf5 Rg3 50.Rf7 Rxg6
51.Kd3 Rg4 52.b6 Rg6 53.Kc4 Rxb6 54.Rxg7 Bd2 55.Kc5 Be3+ 56.Kd5 Rb4 57.Kc6 Rxa4
58.Rb7+ Ka8 59.Rb5 Rc4+  0-1

[Event "11th Kesan Open"]
[Site "Edirne TUR"]
[Date "2013.08.28"]
[Round "4.13"]
[White "Ozen,Deniz"]
[Black "Ersahin,B"]
[Result "0-1"]
[WhiteElo "1835"]
[BlackElo "2193"]

1.e4 c5 2.Nf3 Nc6 3.Bb5 e6 4.O-O Nge7 5.Bxc6 Nxc6 6.d4 cxd4 7.Nxd4 Be7 8.Nxc6 bxc6
9.e5 O-O 10.Qh5 f6 11.Nd2 fxe5 12.Qxe5 d6 13.Qe2 e5 14.c4 Qc7 15.b3 d5 16.Bb2 Bd6
17.Rac1 Ba6 18.Qg4 Rae8 19.c5 Be7 20.Qe6+ Kh8 21.Bxe5 Qb7 22.Qg4 Bxc5 23.Nf3 Bxf1
24.Kxf1 Bb6 25.Rxc6 Qa6+ 26.Ke1 Rf7 27.Qh5 Rfe7 28.Rh6 Ba5+ 29.Kd1 Qd3+ 30.Kc1 Rxe5
31.Nxe5 Rc8+ 32.Rc6 Rxc6+ 33.Nxc6 Bd2+ 34.Kb2 Qc3+ 35.Ka3 Bc1+ 36.Ka4 Qxc6+
37.Kb4 Bd2+ 38.Ka3 Qc5+ 39.Kb2 Qc1+  0-1

[Event "TCh-SRB 1st League 2013"]
[Site "Kragujevac SRB"]
[Date "2013.08.28"]
[Round "5.5"]
[White "Mastrovasilis,D"]
[Black "Miljkovic,Mir1"]
[Result "1/2-1/2"]
[WhiteElo "2595"]
[BlackElo "2456"]

1.e4 c5 2.Nf3 Nc6 3.Bb5 g6 4.Bxc6 dxc6 5.d3 Bg7 6.h3 Nf6 7.Nc3 Nd7 8.Be3 e5
9.Qd2 Qe7 10.Bh6 f6 11.O-O Nf8 12.Bxg7 Qxg7 13.a3 Ne6 14.b4 O-O 15.bxc5 Nxc5
16.Qe3 Qe7 17.a4 Be6 18.a5 Bf7 19.Rfb1 Rfd8 20.Rb2 Rd7 21.Ne2 Qd6 22.Rab1 Re8
23.Rb4 Qe7 24.Nc3 Red8  1/2-1/2

[Event "TCh-SRB 1st League w 2013"]
[Site "Kragujevac SRB"]
[Date "2013.08.28"]
[Round "5.6"]
[White "Benderac,A"]
[Black "Prodanovic,S"]
[Result "1-0"]
[WhiteElo "2225"]
[BlackElo "2110"]

1.e4 c5 2.Nf3 Nc6 3.Bb5 d6 4.c3 Bd7 5.O-O Nf6 6.Re1 a6 7.Bf1 Bg4 8.h3 Bh5
9.d3 e6 10.Bf4 Be7 11.Nbd2 O-O 12.g4 Bg6 13.Bg3 b5 14.Nh4 Nd7 15.Nxg6 hxg6
16.f4 e5 17.f5 gxf5 18.gxf5 Bh4 19.Qg4 Bxg3 20.Qxg3 Qf6 21.Re2 Qh6 22.Rg2 Nf6
23.Be2 Kh8 24.Nf1 Rg8 25.h4 g6 26.Qg5 Qxg5 27.hxg5 Nh5 28.f6 Rgf8 29.Rh2 Nd8
30.Bxh5 gxh5 31.Rxh5+ Kg8 32.Ne3 Ne6 33.Nd5  1-0

[Event "21st Honor to National Resistance"]
[Site "Nikaia GRE"]
[Date "2013.08.28"]
[Round "3.1"]
[White "Kotronias,V"]
[Black "Sideris,T"]
[Result "1-0"]
[WhiteElo "2579"]
[BlackElo "2024"]

1.e4 c5 2.Nf3 Nc6 3.Bb5 g6 4.Bxc6 dxc6 5.h3 Bg7 6.d3 Nf6 7.Nc3 O-O 8.O-O Ne8
9.Be3 b6 10.a4 a5 11.Qc1 e5 12.Bh6 Qe7 13.Nh2 Nc7 14.Bxg7 Kxg7 15.Ne2 Ne6
16.f4 exf4 17.Nxf4 Nxf4 18.Qxf4 f5 19.Rae1 g5 20.exf5 gxf4 21.Rxe7+ Kf6 22.Rc7 Re8
23.Rxc6+ Kxf5 24.g4+ Ke5 25.Nf3+ Kd5 26.Rxb6 Ba6 27.c4+ Bxc4 28.dxc4+ Kxc4
29.Rc1+ Kd5 30.Rd1+ Kc4 31.Rdd6  1-0

[Event "Petersburg Summer Blitz 2013"]
[Site "St Petersburg RUS"]
[Date "2013.08.28"]
[Round "2.3"]
[White "Savitskiy,S"]
[Black "Zvjaginsev,V"]
[Result "0-1"]
[WhiteElo "2379"]
[BlackElo "2659"]

1.e4 c5 2.Nf3 Nc6 3.Bb5 e5 4.O-O Nge7 5.c3 a6 6.Ba4 b5 7.Bc2 Ng6 8.d4 d6
9.a4 Rb8 10.axb5 axb5 11.Na3 Be7 12.Qe2 cxd4 13.cxd4 Bg4 14.Nxb5 O-O 15.d5 Nb4
16.Ba4 f5 17.Bd2 Nh4 18.Bxb4 fxe4 19.Qxe4 Nxf3+ 20.gxf3 Bxf3 21.Qd3 Qd7 22.Qxf3 Rxf3
23.Bd2 Rxb5  0-1

[Event "XXX Collado Villalba Open 2013"]
[Site "Collado Villalba ESP"]
[Date "2013.08.30"]
[Round "8.11"]
[White "Erice Alonso,S"]
[Black "Draghici Flutur,G"]
[Result "1-0"]
[WhiteElo "2042"]
[BlackElo "2144"]

1.e4 c5 2.Nf3 Nc6 3.Bb5 e6 4.O-O Nge7 5.Re1 a6 6.Bxc6 Nxc6 7.d4 cxd4 8.Nxd4 d6
9.Nc3 Be7 10.Nxc6 bxc6 11.Qg4 O-O 12.Bh6 Bf6 13.e5 dxe5 14.Ne4 Kh8 15.Rad1 Qe7
16.Be3 Qc7 17.Nxf6 gxf6 18.Qh4 Qe7 19.Bc5 Qxc5 20.Qxf6+ Kg8 21.Rxe5 Qxe5
22.Qxe5 f6 23.Qe4 Ra7 24.Qxc6 Rg7 25.Rd3 e5 26.Rg3 Rxg3 27.hxg3 Kg7 28.c4 Kf7
29.b4 Re8 30.c5  1-0

[Event "11th Kesan Open"]
[Site "Edirne TUR"]
[Date "2013.08.30"]
[Round "8.6"]
[White "Ozen,Deniz"]
[Black "Eminov,O"]
[Result "0-1"]
[WhiteElo "1835"]
[BlackElo "2260"]

1.e4 c5 2.Nf3 Nc6 3.Bb5 g6 4.Bxc6 bxc6 5.O-O Bg7 6.c3 Nf6 7.Re1 O-O 8.d4 cxd4
9.cxd4 d6 10.Nc3 Rb8 11.b3 c5 12.dxc5 Nd7 13.Bb2 Nxc5 14.Na4 Bxb2 15.Nxb2 Bb7
16.Nd2 Qd7 17.Rc1 Ba8 18.Qe2 a5 19.Nd3 Ne6 20.Qe3 a4 21.Nf4 Nc5 22.Nd3 Ne6
23.Nf4 Nxf4 24.Qxf4 Rfc8 25.h3 Qb5 26.Qe3 Qb4 27.Nc4 axb3 28.axb3 Rc5 29.Ra1 Bc6
30.Reb1 Bd7 31.Qe2 Be6 32.Qd1 Rcb5 33.Qe2 Rc5 34.Qe3 Bd7 35.Qe2 Be6 36.Qd1 Rcb5
37.Qe2 Qc3 38.Rc1 Qf6 39.Nd2 Qd4 40.Nf3 Qf6 41.Nd2 Qg5 42.Nf3 Qh5 43.Nd4 Qxe2
44.Nxe2 Rb4 45.Ng3 Rxb3 46.Ra7 R3b7 47.Rc7 Rxc7 48.Rxc7 Kf8 49.Ra7 Rb1+ 50.Kh2 h5
51.Ra8+ Kg7 52.h4 Rb2 53.Kg1 d5 54.exd5 Bxd5 55.Ra7 e6 56.Ra4 f5 57.Nf1 Rb1
58.f3 Bc6 59.Ra7+ Kh6 60.Kf2 Rb2+ 61.Kg1 Rb4 62.Re7 Bd5 63.g3 Rb2 64.Nh2 Re2
65.g4 hxg4  0-1

[Event "TCh-SRB 1st League w 2013"]
[Site "Kragujevac SRB"]
[Date "2013.08.30"]
[Round "7.6"]
[White "Mladenovic,J"]
[Black "Dizdarevic,B"]
[Result "1/2-1/2"]
[WhiteElo "2123"]
[BlackElo "2002"]

1.e4 c5 2.Nf3 Nc6 3.Bb5 g6 4.Bxc6 dxc6 5.d3 Bg7 6.h3 Nf6 7.Nc3 Nd7 8.Be3 e5
9.Qd2 h6 10.O-O-O Qe7 11.Nh2 b5 12.f4 a5 13.Ng4 exf4 14.Bxf4 h5 15.Ne3 Nb6
16.e5 a4 17.Rde1 Be6 18.Ne4 Bxa2 19.Bg5 Qa7 20.Nf6+ Bxf6 21.Bxf6 Rh7 22.Qc3 Nd7
23.Qa3 Be6 24.c3 Qb8 25.Nc2 Nxf6 26.exf6 Qf4+ 27.Kb1 Qxf6 28.Qxc5 Kd7 29.Nd4 Rc8
30.Re5 Rhh8 31.Rhe1 Rhe8 32.Nxe6 Rxe6 33.Qd4+ Ke7 34.Qc5+ Kd7 35.Qd4+ Ke7
36.Qc5+ Kd7 37.Qd4+ Ke7 38.Qa7+ Kd8 39.Qb6+ Kd7 40.Qd4+  1/2-1/2

[Event "21st Honor to National Resistance"]
[Site "Nikaia GRE"]
[Date "2013.08.31"]
[Round "7.10"]
[White "Kouskoutis,Georgios-Alexandros"]
[Black "Sideris,T"]
[Result "1-0"]
[WhiteElo "1950"]
[BlackElo "2024"]

1.e4 c5 2.Nf3 Nc6 3.Bb5 Nf6 4.Bxc6 dxc6 5.Nc3 Bg4 6.d3 e5 7.h3 Bxf3 8.Qxf3 Bd6
9.O-O h6 10.Ne2 Qe7 11.Be3 Qe6 12.Ng3 g6 13.a3 h5 14.Rfb1 h4 15.Nf1 a5 16.b4 cxb4
17.axb4 a4 18.b5 c5 19.Nd2 Nd7 20.Nc4 Be7 21.Ra3 O-O 22.Rba1 f5 23.Rxa4 Rxa4
24.Rxa4 f4 25.Bc1 Nf6 26.Bb2 Bd6 27.Qd1 Bb8 28.f3 Qe8 29.Qa1 Nd7 30.Bc3 Kh7
31.Be1 g5 32.Bf2 Qe6 33.Qc3 Rc8 34.Qa5 Kh6 35.Qa8 Nb6 36.Nxb6 Qxb6 37.Qa5 Bc7
38.Qxb6+ Bxb6 39.Kf1 Kg6 40.Rc4 Kf6 41.c3 Ke6 42.d4 Kd6 43.Ke2 Rc7 44.Kd3 Rc8
45.Kc2 Rc7 46.Kb3 Rc8 47.dxc5+ Bxc5 48.Bxc5+ Rxc5 49.Kb4 Rxc4+ 50.Kxc4  1-0

[Event "Petersburg Summer Rapid 2013"]
[Site "St Petersburg RUS"]
[Date "2013.08.31"]
[Round "2.8"]
[White "Polyaninov,A"]
[Black "Panarin,M"]
[Result "1-0"]
[WhiteElo "2310"]
[BlackElo "2555"]

1.Nf3 c5 2.e4 Nc6 3.Bb5 g6 4.O-O Bg7 5.Re1 Nf6 6.e5 Nd5 7.b3 O-O 8.Bb2 Nc7
9.Bxc6 dxc6 10.d3 Ne6 11.Re4 h6 12.Nbd2 g5 13.h4 f5 14.exf6 exf6 15.Qe1 Re8
16.hxg5 hxg5 17.Re3 Kf7 18.Ne4 b6 19.Rd1 Qc7 20.d4 cxd4 21.Nxd4 Nxd4 22.Rxd4 Rd8
23.Rxd8 Qxd8 24.Qc3 Bf5 25.Nxg5+ Kg8 26.Ne4 Kf7 27.Qxc6 Qd1+ 28.Kh2 Rh8+
29.Rh3 Bxh3 30.gxh3 Kg6 31.Bxf6 Rf8 32.Be7+ Kf7 33.Bxf8 Kxf8 34.Qc8+ Ke7
35.Qc7+ Kf8 36.Ng5 Qd5 37.Qf4+ Kg8 38.Qc4 Qxc4 39.bxc4 Bf6 40.f4 Kg7 41.Kg3 Be7
42.Ne4 Kf7 43.f5 Ke8 44.h4 Kd7 45.h5 Bf8 46.Kf4 Kc6 47.Kg5 b5 48.cxb5+ Kxb5
49.Kg6 Kb4 50.h6  1-0